LEADER 01323nam a2200313 a 4500 001 000000127793 003 CaOOAMICUS 005 20120228091154.0 008 120228s2011 it u000 u ita r 020 $a978-88-372-2518-6 040 $aPUL$bita 082 04$a907 245 10$aStorici e religione nel Novecento italiano /$cDaniele Menozzi - Marina Montacutelli (eds.) 260 $aBrescia :$bMorcelliana,$c2011. 300 $a443 p. ;$c21 cm 490 1 $aStoria ;$v47 504 $aBibliografia in nota. 650 4$aStoriografia italiana$xRapporti con la religione$ySec. XX.$0(OLS)http://pul/subject/38506 700 1 $aMenozzi, Daniele,$d1947-$0(OLS)http://pul/name/18691 700 1 $aMontacutelli, Marina.$0(OLS)http://pul/name/81588 830 0$aStoria (Morcelliana) ;$v47.$0(OLS)http://pul/title/99994 850 $aPUL 852 $aPUL$W1$xSL Cons. Gen., Altre Classi 3$y75$m907 MENDA 1$j147864$qDDC 21$q $B146478$CPULBib$Z2$F146478 $H118752 $81 941 1 $a9 996 $6020$a978-88-372-2518-6$9(OLS)http://pul/number/149012 996 $6082$a907$9(OLS)http://pul/classification/2187 996 $6245$aStorici e religione nel Novecento italiano$9(OLS)http://pul/title/161489 996 $6260$aBrescia :$bMorcelliana$9(OLS)http://pul/publisher/47854 LEADER 01339nam a2200277 a 4500 001 000000142928 003 CaOOAMICUS 005 20150421143542.0 008 150421s1911 it af u000 u ita r 040 $aPUL$bita 100 1 $aFerrini, Contardo,$cb.,$d1859-1902.$0(OLS)http://pul/name/1950 245 10$aContardo Ferrini :$bscritti religiosi /$craccolti dal sac. Carlo Pellegrini. 260 $aMilano :$bRomolo Ghirlanda,$c1911. 300 $a309 p., [4] p. di tav. :$bill. ;$c17 cm 500 $aIn testa al front.: Associazione Giovani Studenti S. Stanislao Palazzo Arcivescovile Milano. 600 14$aFerrini, Contardo,$cb.,$d1859-1902.$0(OLS)http://pul/subject/29425 700 1 $aPellegrini, Carlo,$csac.,$d1857-1932.$0(OLS)http://pul/name/17950 850 $aPUL 852 $aPUL$W1$xDP1 Religione 1$y20$m633 G 22$j164948$qStampati$B165221$CPULBib$Z2$F165221 $82 900 $aContardo Ferrini,$cb.,$d1859-1902$91950 941 1 $a8 960 $aContardo Ferrini,$cb.,$d1859-1902$929425 961 $aTimbro: Biblioteca Carusi. Ex libris: Bibliotheca Pontificii Athenaei Lateranensi Evaristi Carusi. Nota ms. di possesso: Evaristo Carusi. 996 $6245$aContardo Ferrini :$bscritti religiosi$9(OLS)http://pul/title/180902 996 $6260$aMilano :$bRomolo Ghirlanda$9(OLS)http://pul/publisher/52298